By the River Kushiyara Recollections/ (Record no. 216661)

MARC details
000 -LEADER
fixed length control field 00614nam a2200193 4500
005 - DATE AND TIME OF LATEST TRANSACTION
control field 20260615155419.0
010 ## - LCCN (DPL NO)
LC control number ENG-148842
020 ## - INTERNATIONAL STANDARD BOOK NUMBER
International Standard Book Number 9789390907892
Terms of availability 475.00
035 ## - SYSTEM CONTROL NUMBER
System control number EN-132374
037 ## - SOURCE OF ACQUISITION
Source of stock number/acquisition DBAD
082 ## - DEWEY DECIMAL CLASSIFICATION NUMBER
Classification number 352.63092
Edition number 1
100 ## - MAIN ENTRY--PERSONAL NAME
Personal name Rout, Aditi Das
245 ## - TITLE STATEMENT
Title By the River Kushiyara Recollections/
Statement of responsibility, etc Aditi Das Rout
250 ## - EDITION STATEMENT
Edition statement 1
260 ## - PUBLICATION, DISTRIBUTION, ETC. (IMPRINT)
Place of publication, distribution, etc New Delhi
Name of publisher, distributor, etc Lifi Publications Pvt. Ltd
Date of publication, distribution, etc 2026
270 ## - ADDRESS
Address 211, 2nd Floor, Gagandeep 12, Rajendra Place
City New Delhi
Postal code 110008
Electronic mail address info@lifipublications.com
300 ## - PHYSICAL DESCRIPTION
Extent 270p.
Dimensions 22cm(pb)
942 ## - ADDED ENTRY ELEMENTS (KOHA)
Source of classification or shelving scheme Dewey Decimal Classification
Item type English Books
Classification part 352.63092
Call number suffix ROU
Holdings
Withdrawn status Lost status Not for loan Collection code Home library Current library Date acquired Source of acquisition Cost, normal purchase price Full call number Barcode Copy number Cost, replacement price Koha item type
    Not For Loan Non-fiction D.B.Act.Division D.B.Act.Division 15/06/2026 Delivery of Books Act Division 475.00 352.63092 ROU EN-132374 1 475.00 English Books

© Delhi Public Library
Hit Counter
free hit counter